=LDR 00000nam 2200000 4500 =001 INLIS000000000012719 =005 20130612104219 =008 ***********************************Ind** =035 ##$$0010-061300000012719 =041 ##$$a Ind =082 ##$$a 615.4 =090 ##$$a 615.4, Jin j =245 ##$$a Jin air mual 1994/1995, Editor, Sherley C. cocabo ; Terjemahan, Hamita =260 ##$$a 1994 $b Manila =300 ##$$a 952 hlm., 21 cm =650 ##$$a Farmasi =700 ##$$a Hanita =850 ##$$a NBPNMAT